Quiz About Blobfish - Multiple Choice - Statistics

General Stats
  • This quiz has been taken 267 times
  • The average score is 6 of 16
Answer Stats
Question Answer % Correct
What country do they live off of the coast of? Australia
80%
What are their only predators? Humans
80%
How long do they live for? 130 Years
60%
What is the average depth that the blobfish lives at? 3000ft
60%
What is their diameter? 30cm
60%
What is their top speed? 5mph
60%
What is one thing that the blobfish eats? Sea Urchins
40%
How many species of blobfish is there said to be? 1
20%
What year were they discovered? 2003
20%
How many of them are left? 420
20%
What doesn’t the blobfish have? All of the above
20%
How endangered are blobfish? Critically Endangered
20%
What would happen if you took a blobfish to sea level? It would die instantly
20%
What is the scientific name of the blobfish? Psychrolutes marcidus
20%
In which city did a blobfish cafe open in 2016? London
0%
What colour are they? Pinkish Grey
0%
No matching quizzes found
Score Distribution
Percent of People with Each Score
Percentile by Number Answered
Your Score History
You have not taken this quiz